000 00858cab a2200229 4500
001 X3909
008 090401t1997 xxu||||| |||| 00| 0 eng d
035 _a(Sirsi) u33697
041 _aeng
245 _aJones & Powell v Commissioners of Inland Revenue
260 _c1997
350 _a0
490 _aNew Property Cases
_v[1997] NPC 26 (2)
520 _aChD 14 February 1997. Inheritance Tax Inheritance Tax Act 1984 Chapter IV Part VI - Contract for sale of property - whether contract for sale was a `sale` for the purposes of the Inheritance Tax Act 1984 ss 190-98. HEADNOTE FROM JOURNAL - DO NOT PHOTOCOPY.
650 _aINHERITANCE TAX ACT 1984
650 _aINHERITANCE TAX
650 _aJONES & POWELL V COMMISSIONERS OF INLAND REVENUE
650 _aSALE OF PROPERTY
690 _aTAXATION-CASE LAW
942 _n0
948 _c04/03/1997
999 _c22466
_d22466